Contos do Mago (Registo nº 913)

Detalhes MARC
000 -Etiqueta do registo
Cabeçalho 00747nam0a2200289 i 4500
005 - Identificador da versão
Campo de controlo 20240813121819.0
010 ## - Número internacional normalizado dos livros (ISBN)
Número (ISBN) 9789899617209
021 ## - Número do Depósito Legal
Código do país PT
Número 293809/09
035 ## - Other System Control Numbers
System Control Number 0000975
System Control Number 0000960
100 ## - Dados gerais de processamento
Dados gerais de processamento 20091111d 2009a y0pory5003 ba
102 ## - Pais de publicação ou produção
País de publicação Portugal
101 0# - Língua de publicação
Língua do texto, banda sonora, etc. Português
Língua do documento no original Português
106 ## - Campo de dados codificados: material textual
Dados codificados do material textual r
105 ## - Campo de dados codificados: livros
Dados codificados dos livros a z 001yy
215 ## - Descrição física 
Indicação específica da natureza do documento e extensão da espécie 213 p.
Outras indicações físicas il.
200 1# - Titulo e menção de responsabilidade
Título próprio Contos do Mago
Informação de outro título Narrativas e Percursos Geológicos
Primeira menção de responsabilidade Helena Tapadinhas
205 ## - Menção da edição
Menção da edição 1ª edição
210 ## - Publicação, Distribuição, etc. 
Lugar da edição, distribuição, etc. Faro
Nome do editor, distribuidor, etc. Direcção Regional de Educação do Algarve
Data da publicação, distribuição, etc. 2009
304 ## - Notas relativas a título e menção de responsabilidade 
Texto da nota Tít. orig.:
675 ## - Classificação Decimal Universal (CDU)
Notação 55
Edição BN
Língua da edição por
700 #1 - Nome de autor-pessoa física (responsabilidade principal)
Número de registo de entrada de autoridade 0001193
Palavra de ordem Tapadinhas
Outra parte do nome não tomada para palavra de ordem Helena
942 ## - Elementos de entrada adicionados (Koha)
Tipo de item no Koha Livro
Exemplares
Situação do levantamento Origin of item (home branch) (coded) Biblioteca de empréstimo Código de barras Cota Circulation type (not for loan) Tipo de documento Nota do exemplar Damaged status
  Biblioteca Escolar Eng. Nuno Mergulhão Biblioteca Escolar Eng. Nuno Mergulhão BENM1641 55 TAP   Livro Sem mensagem